Kirby Right Back At Ya Theme Song Lyrics - Statistics

General Stats
  • This quiz has been taken 365 times
  • The average score is 106 of 141
Answer Stats
Lyrics % Correct
Kirby
98%
Kirby,
98%
Kirby!
98%
(Kirby)
98%
Kirby!!!
98%
a
95%
the
95%
He
92%
back
90%
star
90%
at
89%
you
89%
You
89%
right
88%
Right
88%
ya!
88%
ya
88%
I
87%
show!
87%
He's
86%
of
86%
that
86%
know!
85%
name
83%
That's
82%
pink!
80%
should
80%
one!
76%
Dedede?
75%
King
75%
to
73%
got
71%
got,
71%
be
70%
maximum
70%
can
69%
it
69%
monster
68%
need
66%
best
65%
do
65%
How
65%
we
65%
what
65%
clobber
64%
help
64%
more
62%
than
62%
there
62%
think,
62%
money
61%
better
60%
comes
59%
get
57%
Kirby's
57%
NME!
55%
with
55%
Yeah!
55%
your
55%
all
53%
Give
53%
shot!
52%
guarantee!
50%
here
50%
day!
48%
for
48%
stay!
48%
sure!
48%
very
45%
Saving
44%
He'll
41%
eyes!
40%
believe
38%
send
38%
Take
38%
won't
38%
you've
38%
his
37%
Oh,
37%
by
35%
Don't
34%
fooled
34%
size!
34%
saxophone solo
18%
No matching quizzes found
Score Distribution
Percent of People with Each Score
Percentile by Number Answered
Your Score History
You have not taken this quiz